Châm cứu ứng dụng vạn niên lịch : Âm lịch dương lịch đối chiếu 2002-2010
محفوظ في:
| المؤلف الرئيسي: | |
|---|---|
| التنسيق: | كتاب |
| اللغة: | Undetermined |
| منشور في: |
Thành phố Hồ Chí Minh
Nhà xuất bản Thành phố Hồ Chí Minh
2002
|
| الموضوعات: | |
| الوسوم: |
إضافة وسم
لا توجد وسوم, كن أول من يضع وسما على هذه التسجيلة!
|
| Thư viện lưu trữ: | Trung tâm Học liệu Trường Đại học Cần Thơ |
|---|
| LEADER | 00657nam a2200205Ia 4500 | ||
|---|---|---|---|
| 001 | CTU_94469 | ||
| 008 | 210402s9999 xx 000 0 und d | ||
| 020 | |c 138000 | ||
| 082 | |a 615.892 | ||
| 082 | |b Ng566 | ||
| 100 | |a Lê, Quý Ngưu | ||
| 245 | 0 | |a Châm cứu ứng dụng vạn niên lịch : | |
| 245 | 0 | |b Âm lịch dương lịch đối chiếu 2002-2010 | |
| 245 | 0 | |c Lê Quý Ngưu | |
| 260 | |a Thành phố Hồ Chí Minh | ||
| 260 | |b Nhà xuất bản Thành phố Hồ Chí Minh | ||
| 260 | |c 2002 | ||
| 650 | |a Acupuncture | ||
| 904 | |i Trúc | ||
| 980 | |a Trung tâm Học liệu Trường Đại học Cần Thơ | ||